| 000 | 01676nam0a2200349 i 4500 | ||
|---|---|---|---|
| 001 | RU\NLR\BIBL_A\010559473 | ||
| 005 | 20241101004812.0 | ||
| 010 |
_a9785190109665 _9750 |
||
| 021 |
_aRU _b2014-75166 _94606 |
||
| 035 | _a(NILC)RuMoRGB-007563233 | ||
| 035 | _a(NLR Aleph) 010559473 | ||
| 090 |
_a10373209 _c10373209 |
||
| 100 | _a20141208d2014 k y0rusy50 ca | ||
| 101 | 0 |
_arus _deng |
|
| 102 | _aRU | ||
| 105 | _aa|||7|||001yy | ||
| 200 | 1 |
_aЭнергетическое право Российской Федерации _dEnergy law of the Russian Federation _eстановление и развитие _fП.Г. Лахно _gМоск. гос. ун-т им. М.В. Ломоносова, Юрид. фак. _zeng |
|
| 210 |
_aМосква _cИзд-во Московского университета _d2014 |
||
| 215 |
_a477, [2] с. _cил. _d22 |
||
| 300 | _aАвт. также на англ. яз.: Peter G. Lakhno | ||
| 300 | _aНа 4-й с. обл. авт.: Лахно П.Г., к.ю.н., доц. | ||
| 300 | _aРез. на англ. яз. | ||
| 320 | _aБиблиогр. в подстроч. примеч. | ||
| 510 | 1 |
_6z33790 _aEnergy law of the Russian Federation _zeng |
|
| 606 | 1 |
_aЭлектроэнергетика _xПравовое регулирование _yРоссийская Федерация _92464287 _3RU\NLR\AUTH\661464050 |
|
| 686 | 1 | _aХ621.14 | |
| 700 | 1 |
_aЛахно _bП. Г. _f1951- _gПетр Гордеевич _9139685 _3RU\NLR\AUTH\770139720 |
|
| 790 | 1 |
_7ba _8rus _aLachno _bP. G. _f1951- _gPetr Gordeevič _9139686 _3RU\NLR\AUTH\770139721 |
|
| 942 | _cBOOK | ||
| 980 | _aNBR | ||